| 000 | 00596aam a2200241 4500 | ||
|---|---|---|---|
| 005 | 20161118133616.0 | ||
| 008 | 150409b xxu||||| |||| 00| 0 spa d | ||
| 041 | _aspa | ||
| 082 | _a980 R741p | ||
| 100 |
_aRojas, Miguel _932811 |
||
| 245 | _aLa Plaza Mayor | ||
| 260 |
_aCosta Rica _bEUCR _c2002 |
||
| 300 | _a250 páginas | ||
| 650 |
_aCOSTA RICA _932812 |
||
| 650 |
_aAMERICA LATINA _95078 |
||
| 650 |
_aHISTORIA _943 |
||
| 650 |
_aVIDA SOCIAL _97539 |
||
| 650 |
_aCOSTUMBRES _94420 |
||
| 650 |
_aPLAZAS _932813 |
||
| 650 |
_aCIUDADES _932814 |
||
| 650 |
_aPUEBLOS _928815 |
||
| 942 | _cBK | ||
| 999 |
_c4452 _d4452 |
||